Logo BPK

Biblioteka

Politechniki Koszalińskiej

Państwo / (Rekord nr 54950)

Szczegóły MARC
000 -ETYKIETA REKORDU
podpole kontrolne o stałej długości 00944nam a2200289 i 4500
001 - NUMER KONTROLNY REKORDU
pole kontrolne bg
020 ## - MIĘDZYNARODOWY ZNORMALIZOWANY NUMER KSIĄŻKI - ISBN
ISBN 9788388524806
040 ## - ŹRÓDŁO KATALOGOWANIA
Instytucja, która utworzyła rekord BPK
041 1# - KOD JĘZYKA
Kod języka tekstu pol
Kod języka oryginału gre
044 ## - KOD KRAJU WYDAWCY/PRODUCENTA
Kod kraju wydawcy/producenta POL
080 ## - UNIWERSALNA KLASYFIKACJA DZIESIĘTNA - UKD
UKD 141:[321.01:340.12]"-04/-03"
920 ## - Międzynarodowy znormalizowany numer książki – ISBN
ISBN 83-88524-80-1
008 - POLE O STAŁEJ DŁUGOŚCI - DANE KONTROLNE
podpole kontrolne o stałej długości s pl f |000 0 pol
100 0# - NAZWA OSOBOWA
Nazwa osobowa Plato
Daty związane z nazwą (427-347 a.C.)
245 10 - TYTUŁ/ODPOWIEDZIALNOŚĆ
Tytuł Państwo /
Pozostałe elementy strefy tytułu i oznaczenia odpowiedzialności Platon ; przeł., wstępem i komentarzem opatrzył Władysław Witwicki.
246 1# - WARIANT TYTUŁU
Treść wyrażenia wprowadzającego Tyt. oryg. :
Tytuł Politeia
250 ## - STREFA WYDANIA
Oznaczenie wydania Wyd. na podst.: Platon "Państwo, prawa", 2001
260 ## - STREFA ADRESU WYDAWNICZEGO
Miejsce wydania Kęty :
Nazwa wydawcy/dystrybutora Wydawnictwo Antyk,
Data publikacji, dystrybucji/powstania dokumentu 2003.
300 ## - STREFA OPISU FIZYCZNEGO
Objętość 338 s. ;
Rozmiary 24 cm.
490 1# - STREFA SERII I DOKUMENTU WIELOCZĘŚCIOWEGO - FORMA NIE DO WYSZUKIWANIA
Tytuł i oznaczenie odpowiedzialności serii Biblioteka Europejska
650 #9 - HASŁO PRZEDMIOTOWE W FORMIE NAZWY OGÓLNEJ LUB JEDNOSTKOWEJ
Nazwa ogólna lub geograficzna Państwo
Określnik ogólny filozofia
Określnik chronologiczny 5-4 w. p.n.e.
650 #9 - HASŁO PRZEDMIOTOWE W FORMIE NAZWY OGÓLNEJ LUB JEDNOSTKOWEJ
Nazwa ogólna lub geograficzna Prawo
Określnik ogólny filozofia
Określnik chronologiczny 5-4 w. p.n.e.
700 1# - HASŁO DODATKOWE - NAZWA OSOBOWA
Nazwa osobowa Witwicki, Władysław
Daty związane z nazwą (1878-1948).
Określenie związku między hasłem a opisywanym materiałem Tł.
830 #0 - HASŁO DODATKOWE SERII LUB DOKUMENTU WIELOCZĘŚCIOWEGO - TYTUŁ UJEDNOLICONY
Tytuł ujednolicony Biblioteka Europejska - Antyk
856 ## - LOKALIZACJA I DOSTĘP DO ELEKTRONICZNYCH DOKUMENTÓW ZDALNYCH
Link (URL) http://koha.tu.koszalin.pl/cgi-bin/koha/opac-detail.pl?biblionumber=54950
Tekst linku Katalog online BPK
942 ## - DODATKOWE ELEMENTY (KOHA)
Typ dokumentu Książka
Egzemplarze
Wycofany Status egzemplarza Uszkodzony Dostępność Lokalizacja stała Lokalizacja bieżąca Miejsce przechowywania Sygnatura Kod kreskowy Dział Typ dokumentu
      Tylko na miejscu Biblioteka Politechniki Koszalińskiej Biblioteka Politechniki Koszalińskiej Czytelnia BG 87409 02429724 1 Filozofia. Logika. Etyka Książka
      Tylko na miejscu Biblioteka Politechniki Koszalińskiej Biblioteka Politechniki Koszalińskiej Czytelnia Wydziałowa ul. Kwiatkowskiego 6e 87410 02429717 1 Filozofia. Metafizyka Książka
© 2023 Biblioteka Politechniki Koszalińskiej :: KOHA